America in perspective, abridged : the united states through foreing eyes /
Guardado en:
| Autor Principal: | |
|---|---|
| Formato: | Libro |
| Publicado: |
New York :
The New American Library,
1954
|
| Materias: | |
| Etiquetas: |
Agregar Etiqueta
Sin Etiquetas, Sea el primero en etiquetar este registro!
|
| LEADER | 00537nam a22001575a 4500 | ||
|---|---|---|---|
| 001 | EHU.bham013294 | ||
| 003 | AR-BHAM | ||
| 005 | 20100226162817.0 | ||
| 008 | 130507s1954##################000#0#####d | ||
| 082 | 9 | 7 | |a 973.07 |
| 100 | 1 | |a Commager, Henry Steele | |
| 245 | 1 | 0 | |a America in perspective, abridged : |b the united states through foreing eyes / |c Henry Steele Commager |
| 260 | |a New York : |b The New American Library, |c 1954 | ||
| 300 | |a 223 p. | ||
| 653 | |a Historia de eeuu-estudios | ||
| 859 | |a AR-BHAM |b BIB. HUMANIDADES - General |h 973.07 |i C73 |p 770.62 |t Ej.1 | ||
